000 00670nam a22002297a 4500
001 BR9301309
003 BR-BrBNA
005 20240222133701.0
007 ta
008 230509b bl.||||| |||| 00| 0 por d
040 _aBR-BrBNA
_bpor
_cBiblioteca Nacional de Agricultura
041 _a(Por)
072 _aA50
090 _aA50
_bBR9301309
110 1 _aSecretaria de Agricultura e Abastecimento, Sao Paulo, SP (Brasil). Coordenadoria de Pesquisa Agropecuaria
_98648
245 1 _aPrincipais atividades 1992
260 3 _aSao Paulo, SP (Brasil):
_c1992.
300 _a24 p.
650 _aPesquisa Agricola
650 _aInstituicao de Pesquisa
942 _cBK
_2AGRIS
999 _c47577
_d47577